Harry Potter quiz medium level - Statistics

General Stats
  • This quiz has been taken 37 times
  • The average score is 21 of 30
Answer Stats
Question Answer % Correct
At which platform does the Hogwarts express stands? 9 3/4
100%
What house does the golden trio belong to? Gryffindor
100%
What is the name of Harry's owl? Hedwig
100%
What is the shape of harry's scar? Lightning bolt
100%
Who is the headmaster of Hogwarts for most of the time? Albus Dumbledore
97%
What is the name of Harry cousin? Dudley
97%
What are the names of harrys two best friends? Ron and Hermione
97%
What animal is depicited in the Slytherin house crest? Snake
97%
Who is the chosen one? Harry
94%
What animal is Albus Dumbledore's patronus? Phoenix
88%
What is the name of the only all-wizarding village? Hogsmeade
85%
What colour is unicorn blood? Silver
82%
Who teach potions in harry's 6th year? Horace Slughor
79%
What object transports them to the Quidditch World Cup? Old boot
74%
What is Dumbledore's full name? Albus Percival Wulfric Brian Dumbledore
68%
What eye colour did Lily Potter had? Green
68%
Which of the Marauders died last? Remus Lupin
68%
What was the first Horcrux that Lord Voldemort created? Tom Riddle's diary
65%
What is name of Barty Crouch's house-elf? Winky
59%
What is the name of Neville's grandmother? Augusta
56%
Which Quidditch ball is the biggest? Quaffle
56%
What happend to Neville Longbottom's grandmother when Dawlish tried to arrest her in the seventh book? She beat him up so badly that he ended up in st.Mungo's hospital.
56%
Where does Severus Snape live? Spinner's end
56%
Which of these characters is NOT an animagus? Remus Lupin
47%
What colour was Hermione's dress at the ball (in the book)? Blue
38%
What is the first password to the Gryffindor common room? Caput Draconis
32%
What number was Harry's valut at Gringotts? 687
29%
What was written on James and Lily Potter's gravestone? The last enemy that shall be destroyed is death.
29%
Who gave Harry his first broomstick? Sirius Black
26%
What did Harry do with the Elder Wand after the war? He returned it to Dumbledore's garve.
15%
No matching quizzes found
Score Distribution
Percent of People with Each Score
Percentile by Number Answered
Your Score History
You have not taken this quiz